LEADER 00952nam a2200265 i 4500 001 991002722459707536 005 20020503172732.0 008 000908s1912 it ||| | ita 035 $ab10405446-39ule_inst 035 $aEXGIL108761$9ExL 040 $aBiblioteca Interfacoltà$bita 082 0 $a854.8 100 1 $aImbriani, Vittorio$075481 245 10$aFame usurpate :$bquattro studi con varie giunte /$cVittorio Imbriani 250 $a3. ed. /$ba cura di Benedetto Croce 260 $aBari :$bLaterza,$c1912 300 $aVI, 390 p. ;$c21 cm. 490 0 $aBiblioteca di cultura moderna ;$v52 700 1 $aCroce, Benedetto$d<1866-1952> 907 $a.b10405446$b21-02-17$c27-06-02 912 $a991002722459707536 945 $aLE002 It. III D 5$g1$i2002000644558$lle002$o-$pE0.00$q-$rn$so $t0$u0$v0$w0$x0$y.i10472939$z27-06-02 996 $aFame usurpate$990926 997 $aUNISALENTO 998 $ale002$b01-01-00$cm$da $e-$fita$git $h0$i1 LEADER 01210nam a2200289 i 4500 001 991000520459707536 005 20230724121526.0 008 030520s2000 it 000 0 ita 020 $a9788834802113 035 $ab1262939x-39ule_inst 040 $aFac. Economia$bita 082 04$a658.048 100 1 $aPulejo, Luisa$0382200 245 13$aLe fondazioni private :$bconsiderazioni sui caratteri aziendali e sulla rendicontazione economica e sociale /$cLuisa Pulejo 260 $aTorino :$bG. Giappichelli,$c2000 300 $a227 p. ;$c24 cm 490 1 $aCollana di studi e ricerche dell'Istituto di economia aziendale dell'Università di Messina ;$v14 500 $aContiene bibl. (pp. 215-227) e riferimenti bibliografici 650 4$aFondazioni $xAspetti economici 650 4$aEnti senza scopo di lucro$xContabilità 650 4$aEnti senza scopo di lucro$xOrganizzazione 907 $a.b1262939x$b21-09-18$c16-03-04 912 $a991000520459707536 945 $aLE025 ECO 658 PUL01.01$g1$i2025000093553$lle025$op$pE19.11$q-$rl$s-$t0$u9$v4$w9$x0$y.i13513680$z22-04-04 996 $aFondazioni private$9277141 997 $aUNISALENTO 998 $ale025$b16-03-04$cm$da$e-$fita$git$h3$i1